000
00306nam a2200133Ia 4500
008
231017s9999 xx 000 0 und d
082
_a
557.9
082
_b
ROS
245
0
_a
Geology along US Highway 93 in Idaho
245
0
_c
Clyde P. Ross
260
_b
Clyde P. Ross
300
_c
30cm
942
_c
REP
999
_c
603930
_d
603930